| 000 | 00656nam a2200205 a 4500 | ||
|---|---|---|---|
| 001 | 3770601 | ||
| 005 | 20250429145145.0 | ||
| 008 | 830505s1984 nyua b 000 0 eng | ||
| 020 | _a0312109059 (pbk.) | ||
| 020 | _a0312109040 (hard) | ||
| 050 | 0 | 0 |
_aHD70.U5 _bC37 1984 |
| 082 | 0 | 0 |
_a658/.00973 _219 |
| 100 | 1 |
_aCarson, Robert Barry, _d1934- |
|
| 245 | 1 | 0 |
_aBusiness issues today : _balternative perspectives / _cRobert B. Carson. |
| 260 |
_aNew York : _bSt. Martin's Press, _cc1984. |
||
| 300 |
_aix, 348 p. : _bill. ; _c21 cm. |
||
| 650 | 0 |
_aIndustrial management _zUnited States. |
|
| 650 | 0 |
_aBusiness enterprises _zUnited States. |
|
| 942 |
_2lcc _cBK _n0 |
||
| 999 |
_c5600 _d5600 |
||